[Event "FRA-chT U20 Top"]
[Site "Bischwiller"]
[Date "2016.05.16"]
[Round "4"]
[White "Le Quillec, Corentin"]
[Black "Cornileau, Juliette"]
[Result "0-1"]
[WhiteElo "1008"]
[BlackElo "1262"]
[PlyCount "128"]
[EventDate "2016.05.14"]
[EventType "tourn"]
[EventRounds "11"]
[EventCountry "FRA"]
[SourceTitle "EXT 2019"]
[Source "ChessBase"]
[SourceDate "2018.10.10"]
[SourceVersion "1"]
[SourceVersionDate "2018.10.10"]
[SourceQuality "1"]

1. e4 b6 2. d4 Bb7 3. Nc3 e6 4. Bf4 Bb4 5. e5 Ne7 6. Nf3 Nd5 7. Bd2 Bxc3 8. Bxc3 0-0 9. Bd2 d6 10. c4 Ne7 11. Bd3 Ng6 12. 0-0 dxe5 13. Bxg6 fxg6 14. Nxe5 Qxd4 15. Bc3 Qe4 16. Qg4 Qxg4 17. Nxg4 Nd7 18. Rad1 Rad8 19. Rfe1 Nc5 20. Bb4 Rxd1 21. Rxd1 a5 22. Ba3 Re8 23. Bxc5 bxc5 24. h3 h6 25. Rd7 Rc8 26. Re7 Ba6 27. b3 Bb7 28. Rxe6 Rd8 29. Re2 Bc6 30. Ne5 Re8 31. Kf1 Bb7 32. Nxg6 Rxe2 33. Kxe2 Bxg2 34. h4 Kf7 35. Nf4 Be4 36. Ke3 Bb1 37. Nd5 Bxa2 38. Nxc7 Bxb3 39. Kd3 a4 40. Nb5 Kf6 41. Na3 g5 42. hxg5+ Kxg5 43. Ke4 h5 44. f4+ Kf6 45. Kf3 Kf5 46. Kg3 Bd1 47. Kh4 Kxf4 48. Kh3 Ke4 49. Kg2 Kd4 50. Kf2 Bb3 51. Ke2 Bxc4+ 52. Kd2 h4 53. Kc2 h3 54. Nxc4 Kxc4 55. Kb2 h2 56. Ka3 h1Q 57. Ka2 Qd1 58. Kb2 Qb3+ 59. Ka1 Qf3 60. Kb2 Qe2+ 61. Kb1 Qd1+ 62. Kb2 a3+ 63. Ka2 Qb3+ 64. Ka1 Qb2# 0-1